[Event "C.to Italiano Semifinale"]
[Site "Torino ITA"]
[Date "2010.06.27"]
[Round "9"]
[White "Rota, Simone"]
[Black "Molina, Fabrizio"]
[Result "0-1"]
[WhiteElo "2019"]
[BlackElo "2211"]
[PlyCount "116"]
[EventDate "2010.06.20"]

1. d4 d5 2. c4 c6 3. Nf3 Nf6 4. e3 Bf5 5. Bd3 Bxd3 6. Qxd3 e6 7. O-O Nbd7 8.
Nc3 Bb4 9. a3 Bxc3 10. Qxc3 O-O 11. b3 b5 12. c5 Ne4 13. Qc2 a5 14. Nd2 f5 15.
f3 Nxd2 16. Bxd2 Qf6 17. Bc3 a4 18. b4 g5 19. Rae1 Qg6 20. Re2 Nf6 21. Be1 Qh6
22. Bc3 Ra7 23. Bd2 Rg7 24. Qc1 Qh5 25. Qe1 g4 26. Kh1 Rg6 27. f4 Ne4 28. g3
Qh3 29. Rg1 Rh6 30. Rgg2 Rff6 31. Kg1 Rf7 32. Qc1 Qh5 33. Be1 Qg6 34. Qc2 Rh3
35. Qc1 h5 36. Bf2 Rh7 37. Qe1 Kf7 38. Kf1 Rg7 39. Rc2 Qh7 40. Bg1 h4 41. Ke2
hxg3 42. hxg3 Rh1 43. Kd3 Rg6 44. Rce2 Rgh6 45. Kc2 R6h3 46. Kd3 Ke7 47. Kc2
Kd7 48. Kd3 Ke8 49. Kc2 Ng5 50. Kc3 Nf3 51. Qc1 Kd7 52. Kb2 Nxg1 53. Rxg1 Rxg1
54. Qxg1 Rh1 55. Qf2 Qh3 56. e4 dxe4 57. d5 exd5 58. Qe3 Qh8+ 0-1

[Event "C.to Italiano Semifinale"]
[Site "Torino ITA"]
[Date "2010.06.27"]
[Round "9"]
[White "Sbarra, Marco"]
[Black "Manfredi, Vincenzo"]
[Result "0-1"]
[WhiteElo "2309"]
[BlackElo "2172"]
[PlyCount "102"]
[EventDate "2010.06.20"]

1. d4 Nf6 2. c4 c5 3. d5 d6 4. Nc3 g6 5. e4 Bg7 6. h3 O-O 7. Nf3 b5 8. cxb5 a6
9. bxa6 Nbd7 10. Be2 Bxa6 11. O-O Qb6 12. Rb1 Rfb8 13. Re1 Ne8 14. Bd2 Nc7 15.
Na4 Qa7 16. b3 Bxe2 17. Qxe2 Nb5 18. Rbc1 Ne5 19. Nxe5 Bxe5 20. Be3 Qa5 21.
Red1 Rb7 22. f4 Nd4 23. Qf2 Bg7 24. Kh1 Rc7 25. Bd2 Qa6 26. Be3 Rac8 27. Nc3
Rb7 28. Rd2 Rb4 29. Re1 Nxb3 30. Rc2 Nd4 31. Rcc1 Nb5 32. e5 Nxc3 33. Rxc3 Qb7
34. Qf3 Ra8 35. Rc2 Rb2 36. Rxb2 Qxb2 37. exd6 exd6 38. f5 Be5 39. fxg6 hxg6
40. Bf4 Qb4 41. Re4 Qb1+ 42. Kh2 Bxf4+ 43. Qxf4 Qd3 44. Re7 Qxd5 45. Rd7 Rxa2
46. Qg3 Rc2 47. Kh1 Rd2 48. Rd8+ Kg7 49. Qc3+ Qd4 50. Qf3 Qa1+ 51. Kh2 Qe5+ 0-1

[Event "C.to Italiano Semifinale"]
[Site "Torino ITA"]
[Date "2010.06.27"]
[Round "9"]
[White "Vezzosi, Paolo"]
[Black "Bentivegna, Francesco"]
[Result "1-0"]
[WhiteElo "2367"]
[BlackElo "2343"]
[PlyCount "137"]
[EventDate "2010.06.20"]

1. c4 e5 2. Nc3 Nf6 3. Nf3 Nc6 4. e3 d5 5. cxd5 Nxd5 6. Qc2 Nxc3 7. bxc3 Bd6 8.
Bd3 h6 9. Rb1 Rb8 10. O-O O-O 11. Bh7+ Kh8 12. Bf5 Bxf5 13. Qxf5 Ne7 14. Qh5
Ng6 15. d4 Qe7 16. Re1 Kg8 17. g3 Qe6 18. Rb3 e4 19. Nd2 f5 20. f3 c6 21. c4
exf3 22. Rf1 f4 23. d5 cxd5 24. cxd5 Qe8 25. gxf4 Nxf4 26. Qxe8 Ne2+ 27. Kf2
Rbxe8 28. Ba3 Bxa3 29. Rxa3 Rc8 30. e4 Rc2 31. Ke3 Nc3 32. Kd3 Nb5 33. Kxc2
Nxa3+ 34. Kd3 f2 35. e5 Nb5 36. d6 a6 37. Ne4 Na7 38. e6 Nc6 39. Rxf2 Re8 40.
e7 Nxe7 41. dxe7 Rxe7 42. Nc5 Rc7 43. Kd4 b5 44. Nxa6 Rc4+ 45. Kd5 g5 46. Nc5
Kg7 47. Ne6+ Kg6 48. Nd4 Rb4 49. a3 Rb1 50. Kc5 h5 51. Nxb5 g4 52. a4 h4 53.
Nc3 Ra1 54. Kb4 Kh5 55. Ne4 Rb1+ 56. Kc3 Ra1 57. Rf5+ Kh6 58. a5 Ra2 59. Kb3
Rxh2 60. a6 Rh3+ 61. Kb2 Rd3 62. a7 Rd8 63. Nf2 g3 64. Nh3 g2 65. Ra5 Ra8 66.
Kb3 Kg6 67. Kb4 Kf6 68. Kb5 Kf5 69. Ra4 1-0

[Event "VII Open A"]
[Site "Viterbo ITA"]
[Date "2010.06.27"]
[Round "3"]
[White "Laketic, Gojko"]
[Black "Martorelli, Antonio"]
[Result "1-0"]
[WhiteElo "2453"]
[BlackElo "2259"]
[PlyCount "81"]
[EventDate "2010.06.26"]

1. d4 Nf6 2. c4 g6 3. Nc3 Bg7 4. e4 d6 5. Nf3 O-O 6. Be2 Na6 7. O-O e5 8. Re1
c6 9. Bf1 Bg4 10. d5 c5 11. Be2 Bd7 12. a3 Kh8 13. Rb1 Nh5 14. b4 f5 15. Bf1 f4
16. Nb5 Be8 17. Be2 Bf6 18. Rb3 Be7 19. Bb2 b6 20. h3 h6 21. Nxd6 Bxd6 22. Nxe5
Nf6 23. b5 Bxe5 24. Bxe5 Nc7 25. Bf3 a6 26. Bxc7 Qxc7 27. e5 axb5 28. d6 Qa7
29. Bxa8 bxc4 30. Rb1 Qxa8 31. exf6 Bc6 32. f3 Qd8 33. d7 Bxd7 34. Re7 Bf5 35.
Qxd8 Rxd8 36. Rxb6 c3 37. Rc6 c2 38. Rxc5 Rd1+ 39. Kh2 c1=Q 40. Rxc1 Rxc1 41.
Re8+ 1-0

[Event "II Festival Francophone des Echecs"]
[Site "Arvier ITA"]
[Date "2010.07.03"]
[Round "1"]
[White "Anfuso, Luigi"]
[Black "Yeuillaz, Corrado"]
[Result "0-1"]
[WhiteElo "1790"]
[BlackElo "2199"]
[PlyCount "112"]
[EventDate "2010.07.03"]

1. d4 g6 2. c4 Bg7 3. e4 d6 4. Nc3 Nc6 5. d5 Nd4 6. Be3 c5 7. Nge2 Nxe2 8. Bxe2
Nf6 9. O-O O-O 10. h3 a6 11. a4 b6 12. Qd2 Bd7 13. Bh6 Ne8 14. Bxg7 Kxg7 15.
Bg4 Bxg4 16. hxg4 Qd7 17. Qe2 Nc7 18. g3 Rae8 19. Kg2 e6 20. Qf3 exd5 21. exd5
f5 22. g5 Re5 23. Rae1 Rfe8 24. Rxe5 Rxe5 25. Rh1 Kg8 26. Qf4 Ne8 27. Qd2 Nc7
28. Re1 Qe7 29. Rxe5 Qxe5 30. Kg1 Kf7 31. Qf4 Ne8 32. Qh4 Kg8 33. Qf4 Qe7 34.
Qd2 Kf7 35. Qf4 Ng7 36. Qd2 Qe5 37. Kg2 Ne8 38. Qd1 Qe7 39. Qd2 Nc7 40. Qc2
Qxg5 41. Qb3 Na8 42. a5 Qd8 43. axb6 Qxb6 44. Qc2 Nc7 45. Qd2 Qb8 46. Qe2 Qe8
47. Qd2 Kg7 48. Qf4 Qe7 49. Kf3 h5 50. Na4 Ne8 51. Nc3 Nf6 52. Kg2 Ng4 53. Qd2
h4 54. Qe2 Qxe2 55. Nxe2 hxg3 56. fxg3 Ne3+ 0-1

[Event "II Festival Francophone des Echecs"]
[Site "Arvier ITA"]
[Date "2010.07.03"]
[Round "1"]
[White "Astengo, Marcello"]
[Black "Aral, Simone"]
[Result "1-0"]
[WhiteElo "2071"]
[BlackElo "1449"]
[PlyCount "51"]
[EventDate "2010.07.03"]

1. d4 d5 2. c4 e6 3. Nc3 Nf6 4. cxd5 exd5 5. Bg5 Be7 6. e3 O-O 7. Bd3 c6 8. Qc2
h6 9. Bh4 Nbd7 10. Nge2 Ne8 11. Bg3 Ndf6 12. O-O Bd6 13. Bxd6 Qxd6 14. Rad1 Nc7
15. Kh1 Ng4 16. Ng3 Re8 17. Rfe1 Nf6 18. f3 Be6 19. e4 dxe4 20. fxe4 Qd7 21. d5
cxd5 22. e5 d4 23. exf6 g6 24. Bxg6 dxc3 25. Bh7+ Kf8 26. Qc1 1-0

[Event "II Festival Francophone des Echecs"]
[Site "Arvier ITA"]
[Date "2010.07.03"]
[Round "1"]
[White "Belabbas, Abdellah"]
[Black "Barletta, Mauro"]
[Result "0-1"]
[WhiteElo "1873"]
[BlackElo "2212"]
[PlyCount "42"]
[EventDate "2010.07.03"]

1. d4 d5 2. c4 e5 3. e3 Nc6 4. dxe5 d4 5. Nf3 Bb4+ 6. Bd2 dxe3 7. fxe3 Bg4 8.
Qa4 Bxf3 9. Bxb4 Qh4+ 10. g3 Qe4 11. Kf2 Nh6 12. Bh3 Bxh1 13. Nd2 Ng4+ 14. Kg1
Qxe3+ 15. Kxh1 Nf2+ 16. Kg2 Nxh3 17. Kxh3 O-O-O 18. Nb3 Qxe5 19. Nc5 Rhe8 20.
Qb5 Qh5+ 21. Kg2 Re2+ 0-1

[Event "II Festival Francophone des Echecs"]
[Site "Arvier ITA"]
[Date "2010.07.03"]
[Round "1"]
[White "Bosticardo, Tommaso"]
[Black "Bernard, Nicolas"]
[Result "0-1"]
[WhiteElo "1553"]
[BlackElo "2084"]
[PlyCount "60"]
[EventDate "2010.07.03"]

1. d4 Nf6 2. c4 g6 3. Nc3 Bg7 4. e4 O-O 5. f3 d6 6. Be3 e5 7. Bd3 Ng4 8. fxg4
exd4 9. Bxd4 Bxd4 10. Nge2 Bxg4 11. h3 Bxc3+ 12. bxc3 Bxe2 13. Qxe2 Nd7 14. Kd2
Qg5+ 15. Kc2 Rae8 16. h4 Qe5 17. g4 Nc5 18. Rae1 Qg3 19. Ref1 Qxd3+ 20. Qxd3
Nxd3 21. Kxd3 Re5 22. Rh2 Rfe8 23. Re2 Kg7 24. Kd4 c6 25. Kd3 f6 26. Rf3 Kf7
27. Rfe3 h5 28. gxh5 Rxh5 29. Rh2 g5 30. Reh3 Reh8 0-1

[Event "II Festival Francophone des Echecs"]
[Site "Arvier ITA"]
[Date "2010.07.03"]
[Round "1"]
[White "De Leeuw, Johannes"]
[Black "Brun, Dario"]
[Result "0-1"]
[WhiteElo "1888"]
[BlackElo "2264"]
[PlyCount "94"]
[EventDate "2010.07.03"]

1. e4 e5 2. Nf3 Nc6 3. Bc4 Nf6 4. d3 Bc5 5. c3 a6 6. O-O Ba7 7. Bb3 O-O 8. Be3
d6 9. Qe2 Ne7 10. Nbd2 Ng6 11. d4 Qe7 12. Rfe1 Nh5 13. g3 Bg4 14. dxe5 dxe5 15.
Bxa7 Rxa7 16. Qe3 Raa8 17. Qg5 Qxg5 18. Nxg5 Rad8 19. Ngf3 Rd3 20. Kg2 Rfd8 21.
Rad1 Nf6 22. Bc2 Rxd2 23. Nxd2 Bxd1 24. Rxd1 Kf8 25. f3 Ke7 26. Kf2 Nd7 27. Nc4
Nc5 28. Rxd8 Kxd8 29. b4 Ne6 30. h4 f6 31. Ne3 Ne7 32. Bb3 Kd7 33. Bxe6+ Kxe6
34. Ke2 h5 35. a3 g5 36. hxg5 fxg5 37. Ng2 Ng6 38. Ke3 h4 39. gxh4 Nxh4 40. c4
Nxg2+ 41. Kd2 Kd6 42. a4 Nf4 43. Kc3 b5 44. Kd2 Kc6 45. cxb5+ axb5 46. axb5+
Kxb5 47. Kc3 Ne2+ 0-1

[Event "II Festival Francophone des Echecs"]
[Site "Arvier ITA"]
[Date "2010.07.03"]
[Round "1"]
[White "Efimov, Igor"]
[Black "Dritsakos, Alessio"]
[Result "1/2-1/2"]
[WhiteElo "2444"]
[BlackElo "1930"]
[PlyCount "112"]
[EventDate "2010.07.03"]

1. g3 Nf6 2. Bg2 e5 3. c4 Nc6 4. Nc3 Bc5 5. e3 O-O 6. a3 a5 7. Nge2 Re8 8. d3
d6 9. O-O h6 10. h3 Ne7 11. d4 exd4 12. exd4 Bb6 13. b3 c6 14. Bf4 Ng6 15. Be3
Bf5 16. Qd2 d5 17. Rac1 Qd7 18. Kh2 Bc7 19. cxd5 Nh4 20. dxc6 bxc6 21. Ng1 Nxg2
22. Kxg2 Ne4 23. Nxe4 Bxe4+ 24. Kh2 Qd5 25. f3 Bf5 26. Rc3 Re7 27. Bf2 Bd6 28.
Ne2 Bxh3 29. Kxh3 Qe6+ 30. Kg2 Qxe2 31. Qc1 Rae8 32. Re1 Qb5 33. Rxe7 Bxe7 34.
a4 Qb7 35. Re3 Rd8 36. Qc4 Bf6 37. Rc3 Rd6 38. Qc5 Rd5 39. Qxc6 Qxc6 40. Rxc6
Bxd4 41. Be1 Be3 42. Rc8+ Kh7 43. Rc2 Kg6 44. f4 Kf5 45. Kf3 Bb6 46. g4+ Ke6
47. Rc6+ Rd6 48. Rxd6+ Kxd6 49. b4 axb4 50. Bxb4+ Bc5 51. Bd2 g6 52. Ke4 h5 53.
gxh5 f5+ 54. Kf3 gxh5 55. a5 Kc6 56. Kg3 Be7 1/2-1/2

[Event "II Festival Francophone des Echecs"]
[Site "Arvier ITA"]
[Date "2010.07.03"]
[Round "1"]
[White "Fossati, Remigio"]
[Black "Labarthe, Arnaud"]
[Result "1-0"]
[WhiteElo "2233"]
[BlackElo "1883"]
[PlyCount "47"]
[EventDate "2010.07.03"]

1. d4 Nf6 2. c4 e5 3. dxe5 Ne4 4. a3 b6 5. Nf3 Bb7 6. e3 d6 7. b3 g5 8. Bb2 Bg7
9. Qc2 Nc5 10. Nbd2 dxe5 11. Nxe5 O-O 12. h4 f5 13. hxg5 Nbd7 14. Nef3 Ne4 15.
Bxg7 Kxg7 16. Nxe4 fxe4 17. Nd4 Qe7 18. Rh6 Nc5 19. b4 Qxg5 20. Rh3 Qf6 21.
bxc5 bxc5 22. Nb3 Rad8 23. Rc1 Rd3 24. Bxd3 1-0

[Event "II Festival Francophone des Echecs"]
[Site "Arvier ITA"]
[Date "2010.07.03"]
[Round "1"]
[White "Marguerettaz, Davy"]
[Black "Cattaneo, Roger"]
[Result "1-0"]
[WhiteElo "2092"]
[BlackElo "1581"]
[PlyCount "107"]
[EventDate "2010.07.03"]

1. e4 e5 2. Nf3 Nc6 3. Bc4 Be7 4. d4 d6 5. h3 Nf6 6. Nc3 O-O 7. O-O a6 8. Re1
b5 9. Bf1 Bb7 10. d5 Na7 11. a4 b4 12. Nb1 c5 13. Nbd2 Nc8 14. a5 h6 15. c3
bxc3 16. bxc3 Qc7 17. Nc4 Na7 18. Nb6 Rab8 19. Qa4 Nc8 20. Rb1 Nxb6 21. axb6
Qc8 22. Nd2 Nd7 23. Nc4 Qd8 24. Re2 Ra8 25. Na5 Qc8 26. Ra2 Nb8 27. Be2 f5 28.
Rab2 Kh7 29. exf5 Bf6 30. Qg4 Qd7 31. c4 Rf7 32. Qg6+ Kh8 33. Rb3 Re7 34. Bxh6
Qa4 35. Nxb7 Rxb7 36. Bg5 Nd7 37. h4 Rab8 38. Bxf6 Nxf6 39. h5 Qe8 40. Qg5 Ne4
41. Qe3 Nf6 42. h6 Qf7 43. hxg7+ Qxg7 44. Qd2 Rg8 45. Rh3+ Nh7 46. g3 Qf6 47.
Bd3 Qg5 48. Qxg5 Rxg5 49. f6 Rg8 50. Kg2 Rf8 51. Rbh1 Rff7 52. Rxh7+ Rxh7 53.
Rxh7+ Rxh7 54. Bxh7 1-0

[Event "II Festival Francophone des Echecs"]
[Site "Arvier ITA"]
[Date "2010.07.03"]
[Round "1"]
[White "Mossong, Hubert"]
[Black "Pierantoni, Mauro"]
[Result "1-0"]
[WhiteElo "2170"]
[BlackElo "1736"]
[PlyCount "39"]
[EventDate "2010.07.03"]

1. e4 e6 2. d3 d5 3. Nd2 dxe4 4. dxe4 Nf6 5. Ngf3 Be7 6. Bd3 Nc6 7. a3 h6 8.
Qe2 e5 9. h3 Bd6 10. Nb3 Ne7 11. Be3 Ng6 12. O-O-O Qe7 13. Kb1 b6 14. Nfd2 Be6
15. Bb5+ Nd7 16. Nc4 Bxc4 17. Qxc4 O-O 18. h4 Nf4 19. Bxf4 c6 20. Qxc6 1-0

[Event "II Festival Francophone des Echecs"]
[Site "Arvier ITA"]
[Date "2010.07.03"]
[Round "1"]
[White "Petkov, Vladimir"]
[Black "Cavatorta, Fosco"]
[Result "1-0"]
[WhiteElo "2496"]
[BlackElo "1965"]
[PlyCount "21"]
[EventDate "2010.07.03"]

1. d4 d6 2. Nf3 Nd7 3. e4 Ngf6 4. e5 dxe5 5. dxe5 Ng4 6. Bf4 g6 7. Bc4 Bg7 8.
Bxf7+ Kf8 9. Ng5 Ngxe5 10. Bb3 Nf3+ 11. gxf3 1-0

[Event "II Festival Francophone des Echecs"]
[Site "Arvier ITA"]
[Date "2010.07.03"]
[Round "1"]
[White "Scalcione, Michelangelo"]
[Black "Biancotti, Alessandro"]
[Result "1-0"]
[WhiteElo "2352"]
[BlackElo "1895"]
[PlyCount "77"]
[EventDate "2010.07.03"]

1. Nf3 c5 2. c4 Nc6 3. d4 cxd4 4. Nxd4 Nxd4 5. Qxd4 Nf6 6. Nc3 g6 7. e4 d6 8.
Bg5 Bg7 9. Be2 O-O 10. Qd2 Be6 11. f3 Rc8 12. Nd5 Nxd5 13. exd5 Bf5 14. Be3 a6
15. a4 a5 16. O-O Re8 17. Ra3 b6 18. Bd4 Bxd4+ 19. Qxd4 Qc7 20. Qh4 e6 21. g4
exd5 22. Rf2 Be6 23. f4 Qe7 24. Qh6 f5 25. cxd5 Rc1+ 26. Rf1 Rxf1+ 27. Bxf1
Bxd5 28. gxf5 Qf6 29. Rd3 Qxf5 30. Qg5 Qxg5+ 31. fxg5 Re5 32. Rxd5 Re4 33. b3
Rg4+ 34. Kf2 Kg7 35. Be2 Rf4+ 36. Ke3 Rh4 37. Rxd6 Rxh2 38. Rxb6 Rh3+ 39. Kf4
1-0

[Event "II Festival Francophone des Echecs"]
[Site "Arvier ITA"]
[Date "2010.07.03"]
[Round "1"]
[White "Xia, Jie"]
[Black "Montani, Riccardo"]
[Result "1-0"]
[WhiteElo "2201"]
[BlackElo "1870"]
[PlyCount "57"]
[EventDate "2010.07.03"]

1. e4 c5 2. Nf3 d6 3. d4 cxd4 4. Nxd4 Nf6 5. Nc3 Nc6 6. h3 g6 7. Be3 Bg7 8. Be2
O-O 9. O-O Bd7 10. Nb3 a6 11. Qd2 b5 12. a3 Ne5 13. f3 Nc4 14. Bxc4 bxc4 15.
Nd4 Rb8 16. Rab1 Nh5 17. g4 Ng3 18. Rfd1 h5 19. Kg2 e5 20. Kxg3 exd4 21. Bxd4
Bxd4 22. Qxd4 Qg5 23. Nd5 f5 24. f4 Qd8 25. gxf5 gxf5 26. Kh2 Kh7 27. Rg1 Rf7
28. Rg5 Kh6 29. Qf2 1-0

[Event "II Festival Francophone des Echecs"]
[Site "Arvier ITA"]
[Date "2010.07.04"]
[Round "2"]
[White "Aral, Simone"]
[Black "Belabbas, Abdellah"]
[Result "1/2-1/2"]
[WhiteElo "1449"]
[BlackElo "1873"]
[PlyCount "29"]
[EventDate "2010.07.03"]

1. d4 Nf6 2. c4 e5 3. dxe5 Ne4 4. Nf3 Bb4+ 5. Bd2 Qe7 6. a3 Bc5 7. e3 a5 8. Nc3
Ng5 9. Nd5 Nxf3+ 10. Qxf3 Qd8 11. Qg3 Bf8 12. e6 d6 13. exf7+ Kxf7 14. Bd3 Nd7
15. Bf5 1/2-1/2

[Event "II Festival Francophone des Echecs"]
[Site "Arvier ITA"]
[Date "2010.07.04"]
[Round "2"]
[White "Arnaudov, G. Petar"]
[Black "Marguerettaz, Davy"]
[Result "1-0"]
[WhiteElo "2423"]
[BlackElo "2092"]
[PlyCount "37"]
[EventDate "2010.07.03"]

1. d4 d5 2. Nf3 Nf6 3. c4 c6 4. Qc2 g6 5. Bf4 Bf5 6. Qb3 Qb6 7. e3 Na6 8. Nc3
Nb4 9. c5 Qa5 10. Rc1 O-O-O 11. a3 Nd3+ 12. Bxd3 Bxd3 13. Ne5 Bc4 14. Qa4 Qxa4
15. Nxa4 Rg8 16. Nxf7 Re8 17. b4 Bg7 18. Nc3 Ng4 19. h3 1-0

[Event "II Festival Francophone des Echecs"]
[Site "Arvier ITA"]
[Date "2010.07.04"]
[Round "2"]
[White "Barletta, Mauro"]
[Black "Mongelli, Francesco Saverio"]
[Result "1-0"]
[WhiteElo "2212"]
[BlackElo "1329"]
[PlyCount "89"]
[EventDate "2010.07.03"]

1. e4 e6 2. d4 d5 3. e5 c5 4. c3 Nc6 5. Nf3 Be7 6. Bd3 c4 7. Bc2 Bd7 8. Nbd2
Qc7 9. Nf1 f6 10. Bf4 O-O-O 11. exf6 Qxf4 12. fxg7 Bf6 13. gxh8=Q Bxh8 14. Qd2
Qxd2+ 15. N1xd2 Re8 16. O-O h6 17. Rfe1 Nf6 18. Ne5 Nxe5 19. dxe5 Ng4 20. Nf3
h5 21. h3 Nh6 22. Bg6 Rg8 23. Bxh5 Be8 24. Bxe8 Rxe8 25. Nd4 Nf7 26. f4 Kd7 27.
b3 cxb3 28. axb3 a6 29. Rad1 Bg7 30. g4 Rh8 31. Kg2 Bh6 32. f5 Nd8 33. Nxe6
Nxe6 34. Rxd5+ Ke7 35. fxe6 Kxe6 36. Rd6+ Ke7 37. Rb6 Bd2 38. Rxb7+ Kd8 39.
Rb8+ Ke7 40. Rxh8 Bxe1 41. c4 Bc3 42. Rh7+ Kf8 43. e6 Bb4 44. g5 Be7 45. g6 1-0

[Event "II Festival Francophone des Echecs"]
[Site "Arvier ITA"]
[Date "2010.07.04"]
[Round "2"]
[White "Bernard, Nicolas"]
[Black "Fossati, Remigio"]
[Result "0-1"]
[WhiteElo "2084"]
[BlackElo "2233"]
[PlyCount "68"]
[EventDate "2010.07.03"]

1. d4 Nf6 2. Nf3 g6 3. c4 Bg7 4. Nc3 d5 5. e3 O-O 6. Qb3 e6 7. Bd2 b6 8. cxd5
exd5 9. Be2 Bb7 10. O-O Nbd7 11. Rfd1 Re8 12. Be1 c6 13. a4 a5 14. Rac1 Bf8 15.
h3 Bd6 16. Qa2 Qe7 17. Nd2 Nf8 18. Bf3 Ne6 19. e4 Nxd4 20. exd5 cxd5 21. Nb5
Nxb5 22. axb5 Rac8 23. Rxc8 Rxc8 24. Nb3 Ne4 25. Nd4 Qe5 26. g3 Rc4 27. Nc6
Bxc6 28. bxc6 Bc5 29. Bxe4 Rxe4 30. Kf1 Qe6 31. g4 Qf6 32. b4 Qf3 33. Kg1 Qg3+
34. Kf1 Qxh3+ 0-1

[Event "II Festival Francophone des Echecs"]
[Site "Arvier ITA"]
[Date "2010.07.04"]
[Round "2"]
[White "Biancotti, Alessandro"]
[Black "Anfuso, Luigi"]
[Result "1-0"]
[WhiteElo "1895"]
[BlackElo "1790"]
[PlyCount "89"]
[EventDate "2010.07.03"]

1. e4 c6 2. d4 d5 3. exd5 cxd5 4. c4 Nf6 5. Nc3 e6 6. c5 Bd7 7. Nf3 Bc6 8. b4
Ne4 9. Nxe4 dxe4 10. Ne5 a6 11. Bf4 Bb5 12. Bc4 Nc6 13. Nxc6 Bxc6 14. Qd2 Be7
15. O-O O-O 16. a4 Qd7 17. Bb3 Rfd8 18. Rfd1 Bf6 19. Be3 Bd5 20. Bc2 Qc7 21.
Qe2 Be7 22. g3 f5 23. Bf4 Qd7 24. Qe3 Bf6 25. Bg5 Qf7 26. Bf4 Bc6 27. Bd6 Be7
28. Bxe7 Qxe7 29. f3 exf3 30. Bxf5 Re8 31. Be4 Bd5 32. Bxd5 exd5 33. Qxe7 Rxe7
34. Re1 Re4 35. Rad1 Rf8 36. Kf2 Rfe8 37. Rxe4 dxe4 38. d5 Kf7 39. b5 axb5 40.
axb5 Ke7 41. Ke3 Kd7 42. Ra1 Re7 43. Ra7 Kc8 44. Ra8+ Kc7 45. d6+ 1-0

[Event "II Festival Francophone des Echecs"]
[Site "Arvier ITA"]
[Date "2010.07.04"]
[Round "2"]
[White "Brun, Dario"]
[Black "Astengo, Marcello"]
[Result "0-1"]
[WhiteElo "2264"]
[BlackElo "2071"]
[PlyCount "84"]
[EventDate "2010.07.03"]

1. d4 d5 2. c4 c6 3. Nc3 Nf6 4. Nf3 e6 5. Bg5 Nbd7 6. e3 Qa5 7. Nd2 Bd6 8. Bd3
O-O 9. Bh4 e5 10. cxd5 cxd5 11. O-O e4 12. Be2 a6 13. Rc1 b5 14. a4 bxa4 15.
Nxa4 Bb7 16. Nc5 Qb4 17. Ndb3 a5 18. Qe1 Rfb8 19. Qxb4 axb4 20. Ra1 Bc6 21. Na5
Bb5 22. Bxb5 Rxb5 23. Nab7 Rxa1 24. Rxa1 Bxc5 25. Nxc5 Rb8 26. Ra7 Nb6 27. b3
Nc4 28. bxc4 dxc4 29. Bg3 Rc8 30. Kf1 Nd5 31. Ke2 b3 32. Kd1 g6 33. Kc1 Rc6 34.
Kb2 c3+ 35. Kxb3 Rb6+ 36. Kc2 Rb2+ 37. Kc1 Nb4 38. Ra8+ Kg7 39. Be5+ Kh6 40.
Bf4+ Kh5 41. f3 Rxg2 42. fxe4 Rg1# 0-1

[Event "II Festival Francophone des Echecs"]
[Site "Arvier ITA"]
[Date "2010.07.04"]
[Round "2"]
[White "Cattaneo, Roger"]
[Black "De Leeuw, Johannes"]
[Result "0-1"]
[WhiteElo "1581"]
[BlackElo "1888"]
[PlyCount "120"]
[EventDate "2010.07.03"]

1. e4 e5 2. Nf3 Nc6 3. Bc4 Be7 4. Nc3 Nf6 5. O-O d6 6. h3 O-O 7. d3 a6 8. a4
Be6 9. Nd5 Bxd5 10. Bxd5 Nxd5 11. exd5 Nb8 12. c4 Nd7 13. Be3 a5 14. Qc2 b6 15.
Nd2 f5 16. f4 g6 17. Nf3 Bf6 18. Rae1 Re8 19. b3 Re7 20. g3 Qf8 21. Kg2 Rae8
22. Qd2 Qg7 23. Qd1 h6 24. h4 Kh7 25. Rh1 Kg8 26. Rhf1 e4 27. dxe4 Rxe4 28. Bd2
Nc5 29. Rxe4 fxe4 30. Ng1 Bd4 31. Ne2 e3 32. Be1 Bf6 33. b4 axb4 34. Bxb4 Nd7
35. Qd3 Nf8 36. Rf3 Qe7 37. a5 bxa5 38. Bxa5 Kg7 39. Bc3 Qe4 40. Bxf6+ Kxf6 41.
Qxe4 Rxe4 42. Rf1 Rxc4 43. Kf3 Nd7 44. Kxe3 Nc5 45. Rc1 Re4+ 46. Kf3 Ra4 47.
Rc3 Ra1 48. Rc1 Ra2 49. Rc3 Rd2 50. Ra3 Rxd5 51. Ra7 Rd3+ 52. Kg2 Ne6 53. Ra8
c5 54. g4 Rd2 55. Kf3 Nd4+ 56. Nxd4 Rxd4 57. g5+ hxg5 58. hxg5+ Ke6 59. Rg8 Kf7
60. Rc8 c4 0-1

[Event "II Festival Francophone des Echecs"]
[Site "Arvier ITA"]
[Date "2010.07.04"]
[Round "2"]
[White "Cavatorta, Fosco"]
[Black "Efimov, Igor"]
[Result "0-1"]
[WhiteElo "1965"]
[BlackElo "2444"]
[PlyCount "58"]
[EventDate "2010.07.03"]

1. d4 Nf6 2. Nf3 c5 3. d5 b5 4. c4 e6 5. Nc3 b4 6. Na4 d6 7. Qc2 Qe7 8. Bg5
Nbd7 9. e3 Bb7 10. Rd1 g6 11. Be2 Bg7 12. O-O exd5 13. cxd5 O-O 14. Bc4 h6 15.
Bh4 g5 16. Bg3 Ne4 17. Nd2 Nxd2 18. Rxd2 f5 19. h3 f4 20. exf4 gxf4 21. Re2 Qg5
22. Qe4 fxg3 23. Qe6+ Rf7 24. fxg3 Bd4+ 25. Kh1 Raf8 26. Re4 Ne5 27. Rf5 Qxf5
28. Rxe5 dxe5 29. Qxf5 Rxf5 0-1

[Event "II Festival Francophone des Echecs"]
[Site "Arvier ITA"]
[Date "2010.07.04"]
[Round "2"]
[White "Chiarotto, Filippo"]
[Black "Scalcione, Michelangelo"]
[Result "0-1"]
[WhiteElo "2097"]
[BlackElo "2352"]
[PlyCount "90"]
[EventDate "2010.07.03"]

1. Nc3 e5 2. e4 Nf6 3. Nf3 d6 4. d4 Nbd7 5. Be3 Be7 6. h3 c6 7. a4 Qa5 8. Bd3
d5 9. O-O dxe4 10. Nxe4 Nxe4 11. Bxe4 Nf6 12. Qd3 exd4 13. Bxd4 Be6 14. Bc3 Qh5
15. Nd4 O-O 16. Nxe6 fxe6 17. Bxf6 Bxf6 18. Qd7 Bxb2 19. Qxe6+ Kh8 20. Rab1 Bd4
21. Bf3 Qg5 22. Qg4 Qxg4 23. hxg4 Rf7 24. Rfd1 Bb6 25. Rd3 Re8 26. Rbd1 g6 27.
Rd7 Kg7 28. g3 Re1+ 29. Kg2 Rxd1 30. Rxd1 Kf8 31. Rd3 Ke8 32. Ra3 Rd7 33. Rd3
Rxd3 34. cxd3 Kd7 35. Be4 Bd4 36. f4 Kd6 37. g5 b5 38. axb5 cxb5 39. Kf3 b4 40.
Ke2 b3 41. Kd1 a5 42. f5 gxf5 43. Bxf5 a4 44. Bxh7 a3 45. Bg8 a2 0-1

[Event "II Festival Francophone des Echecs"]
[Site "Arvier ITA"]
[Date "2010.07.04"]
[Round "2"]
[White "Dritsakos, Alessio"]
[Black "Guillaumat, Jean-Pierre"]
[Result "1-0"]
[WhiteElo "1930"]
[BlackElo "1959"]
[PlyCount "115"]
[EventDate "2010.07.03"]

1. e4 c5 2. Nc3 e6 3. g3 Nc6 4. Bg2 Nf6 5. d3 Be7 6. f4 d6 7. Nf3 Qc7 8. O-O
O-O 9. h3 a6 10. g4 Nd4 11. Ne2 Nxf3+ 12. Rxf3 Ne8 13. f5 f6 14. Nf4 e5 15. Nd5
Qd8 16. Bd2 b6 17. Rg3 Bb7 18. h4 Bxd5 19. exd5 Ra7 20. Be4 Kh8 21. g5 Qd7 22.
g6 Bd8 23. gxh7 b5 24. c4 a5 25. h5 Rb7 26. b3 bxc4 27. dxc4 Ra7 28. a4 Rf7 29.
Qg4 Be7 30. Kf2 Bf8 31. Rh1 Qc7 32. Qh3 Rb7 33. Rg6 Qb6 34. Bc2 Rbe7 35. Ke3
Rb7 36. Ke4 Qa7 37. Qh4 Qb6 38. Rh3 Qc7 39. Bd1 Ra7 40. h6 Qe7 41. Bh5 Qd8 42.
Rg4 Rfb7 43. Bxe8 Qxe8 44. hxg7+ Bxg7 45. Bh6 Qf8 46. Rg6 Rf7 47. Rhg3 Rab7 48.
Bxg7+ Rxg7 49. Rxf6 Rbf7 50. Rxg7 Qxg7 51. Rg6 Qxg6 52. fxg6 Rf4+ 53. Qxf4 exf4
54. Kxf4 Kg7 55. Kf5 Kh8 56. b4 Kg7 57. bxc5 dxc5 58. d6 1-0

[Event "II Festival Francophone des Echecs"]
[Site "Arvier ITA"]
[Date "2010.07.04"]
[Round "2"]
[White "Manni, Stefano"]
[Black "Xia, Jie"]
[Result "0-1"]
[WhiteElo "1993"]
[BlackElo "2201"]
[PlyCount "40"]
[EventDate "2010.07.03"]

1. e4 c5 2. Nf3 Nc6 3. Bb5 d6 4. O-O Bd7 5. c4 g6 6. Nc3 Bg7 7. d3 Nf6 8. h3
O-O 9. Bxc6 Bxc6 10. Be3 e6 11. Rb1 b5 12. b3 e5 13. Nd5 Nxd5 14. cxd5 Bd7 15.
Qd2 f5 16. Bh6 fxe4 17. Bxg7 Kxg7 18. dxe4 Rxf3 19. gxf3 Qh4 20. b4 Rf8 0-1

[Event "II Festival Francophone des Echecs"]
[Site "Arvier ITA"]
[Date "2010.07.04"]
[Round "2"]
[White "Montani, Riccardo"]
[Black "Bosticardo, Tommaso"]
[Result "1-0"]
[WhiteElo "1870"]
[BlackElo "1553"]
[PlyCount "45"]
[EventDate "2010.07.03"]

1. e4 e5 2. Nf3 Nc6 3. Bb5 Nf6 4. O-O Nxe4 5. d4 Nd6 6. dxe5 Nxb5 7. a4 Nbd4 8.
Nxd4 Nxd4 9. Qxd4 Be7 10. Qg4 Bf8 11. Bg5 d5 12. Qg3 Qd7 13. Nc3 h6 14. Bf4 a6
15. e6 fxe6 16. Bxc7 Bc5 17. Rad1 Qf7 18. Ne4 Be7 19. Nd6+ Bxd6 20. Bxd6 Bd7
21. Rd4 Rc8 22. Rf4 Qh5 23. Qxg7 1-0